Investment Property Forum UK consensus forecasts summary report (Record no. 114645)

MARC details
000 -LEADER
fixed length control field 01189cad a22002055a 4500
001 - CONTROL NUMBER
control field L157195
008 - FIXED-LENGTH DATA ELEMENTS--GENERAL INFORMATION
fixed length control field 120917s2012 xxk 000 0 eng d
035 ## - SYSTEM CONTROL NUMBER
System control number (Sirsi) u157195
041 0# - LANGUAGE CODE
Language code of text/sound track or separate title eng
110 2# - MAIN ENTRY--CORPORATE NAME
Corporate name or jurisdiction name as entry element Investment Property Forum
9 (RLIN) 2112
245 00 - TITLE STATEMENT
Title Investment Property Forum UK consensus forecasts summary report
Remainder of title August 2012
Medium [electronic resource]
260 ## - PUBLICATION, DISTRIBUTION, ETC.
Place of publication, distribution, etc. London
Name of publisher, distributor, etc. IPF
Date of publication, distribution, etc. 2012
490 #0 - SERIES STATEMENT
Series statement IPF UK Consensus Forecasts Summary Report
Volume/sequential designation August 2012
520 ## - SUMMARY, ETC.
Summary, etc. The IPF UK consensus forecast of the All Property total return for the year has fallen again since the Q2 survey and now stands at 1.1%, reflecting a reduction in the implied income return to 5.8% (from 6.0% in May) and a marginal fall in the capital value growth from -4.6% to -4.7% for the year.The sector will deliver modest total returns for the foreseeable future, achieving an average of just over 6% per annum over the next five years.
590 ## - LOCAL NOTE (RLIN)
Local note KA
651 #4 - SUBJECT ADDED ENTRY--GEOGRAPHIC NAME
Geographic name United Kingdom
690 ## - LOCAL SUBJECT ADDED ENTRY--TOPICAL TERM (OCLC, RLIN)
Topical term or geographic name as entry element Commercial property
9 (RLIN) 6227
856 40 - ELECTRONIC LOCATION AND ACCESS
Uniform Resource Identifier <a href="https://www.ipf.org.uk/home/research/research_archive/default.aspx">https://www.ipf.org.uk/home/research/research_archive/default.aspx</a>
Public note View the summary (click on consensus summaries folder, then on item) at www.ipf.org
942 ## - ADDED ENTRY ELEMENTS (KOHA)
Suppress in OPAC 0
Holdings
Withdrawn status Lost status Source of classification or shelving scheme Damaged status Not for loan Home library Current library Shelving location Date acquired Total Checkouts Full call number Barcode Date last seen Copy number Price effective from Koha item type
    Dewey Decimal Classification     Virtual Virtual Online 17/09/2012   ONLINE PUBLICATION 157195-2001 06/08/2019 1 06/08/2019 Book